[Event "4NCL Division 4 South"]
[Site "Telford, ENG"]
[Date "2018.02.11"]
[Round "6.11"]
[White "Hadi, Justin"]
[Black "Norman, Kenneth I"]
[Result "1-0"]
[WhiteElo "1997"]
[BlackElo "2129"]
[PlyCount "121"]
[EventDate "2018.02.11"]

1. d4 Nf6 2. Bg5 e6 3. e4 h6 4. Bxf6 Qxf6 5. c3 d5 6. e5 Qd8 7. Bd3 c5 8. Ne2
Nc6 9. a3 c4 10. Bc2 Qb6 11. Qc1 Bd7 12. Nd2 Na5 13. O-O Be7 14. f4 g6 15. Rb1
Rc8 16. Nf3 Kd8 17. g4 Kc7 18. Ng3 Kb8 19. Qe3 Rcg8 20. h3 Qd8 21. Kg2 Qe8 22.
Rbe1 Ba4 23. Bb1 Nc6 24. f5 gxf5 25. gxf5 Bg5 26. Nxg5 Rxg5 27. Kh2 Rhg8 28.
Rg1 Ne7 29. f6 Ng6 30. Bxg6 R8xg6 31. Ne2 Bc2 32. Nf4 Rg8 33. Rxg5 Rxg5 34. Rg1
Qg8 35. h4 Rg4 36. Rxg4 Qxg4 37. Qg3 Bf5 38. Qxg4 Bxg4 39. Kg3 h5 40. Ng2 Kc7
41. Kf4 Kd7 42. Kg5 Ke8 43. Nf4 Kf8 44. Nxh5 Bxh5 45. Kxh5 Kg8 46. Kg5 Kh7 47.
a4 a5 48. Kf4 Kh6 49. Ke3 Kh5 50. Kd2 Kxh4 51. Kc2 Kg5 52. b3 Kf5 53. bxc4 dxc4
54. Kd2 Ke4 55. Ke2 Kf4 56. Kf2 Ke4 57. Kg3 Kd5 58. Kf4 b5 59. axb5 a4 60. b6
Kc6 61. d5+ 1-0

[Event "4NCL Division 4 South"]
[Site "Telford, ENG"]
[Date "2018.02.11"]
[Round "6.12"]
[White "Crombleholme, Alan K"]
[Black "Hayward, Philip"]
[Result "0-1"]
[WhiteElo "2002"]
[BlackElo "1865"]
[PlyCount "104"]
[EventDate "2018.02.11"]

1. Nf3 d6 2. d4 g6 3. e4 Nf6 4. Bd3 Bg7 5. O-O O-O 6. Re1 c5 7. c3 Nc6 8. d5
Ne5 9. Nxe5 dxe5 10. c4 Ne8 11. Nc3 Nd6 12. Be3 b6 13. a4 f5 14. f3 f4 15. Bf2
a5 16. Ra3 Bd7 17. Nb5 Rb8 18. Bf1 Qe8 19. Rc3 Qf7 20. Nxd6 exd6 21. b3 h5 22.
h3 Bf6 23. Re2 Qe7 24. Rd2 Rf7 25. Be2 Rg7 26. Kf1 g5 27. Be1 Kf7 28. Ra2 Rh8
29. Kg1 Qd8 30. Rd3 Rh6 31. Rad2 Rhg6 32. Rc2 Qg8 33. Rcd2 Qh7 34. Rc2 Rg8 35.
Ra2 Kf8 36. Rad2 Rh8 37. Rc2 g4 38. Kh2 Rhg8 39. Bf1 R6g7 40. Qe2 Qg6 41. hxg4
hxg4 42. g3 Ke7 43. Bg2 gxf3 44. Qxf3 Bg4 45. Qf1 Rh8+ 46. Kg1 Rgh7 47. Rdc3
Qh5 48. Kf2 Rf7 49. Qg1 Bg5 50. Bd2 Bd1 51. Bf3 Bxf3 52. Rxf3 fxg3+ 0-1

[Event "4NCL Division 4 South"]
[Site "Telford, ENG"]
[Date "2018.02.11"]
[Round "6.13"]
[White "Rudny, Tomasz"]
[Black "Reynolds, D Ian W"]
[Result "1/2-1/2"]
[WhiteElo "1907"]
[BlackElo "2007"]
[PlyCount "101"]
[EventDate "2018.02.11"]

1. d4 Nf6 2. c4 e6 3. Nc3 Bb4 4. Qc2 d5 5. cxd5 Qxd5 6. e3 O-O 7. Bd2 Bxc3 8.
Bxc3 Nc6 9. Nf3 b6 10. Bd3 Bb7 11. O-O Qh5 12. Rfc1 Rac8 13. Qe2 Nb8 14. Ne5
Qxe2 15. Bxe2 Nd5 16. a4 f6 17. Nf3 a5 18. Rc2 Na6 19. Bd3 Ndb4 20. Bxb4 Nxb4
21. Rc3 Nxd3 22. Rxd3 Rfd8 23. Ne1 Kf7 24. Rc1 Ke7 25. f3 Rd6 26. Rdc3 Kd7 27.
Nc2 Rc6 28. Na3 Rxc3 29. Rxc3 Bc6 30. b3 Bb7 31. Nb5 c6 32. Na3 Ba6 33. Kf2 Kd6
34. Nc4+ Bxc4 35. Rxc4 c5 36. Ke2 e5 37. Kd3 exd4 38. exd4 Kd5 39. dxc5 bxc5
40. Re4 Rc7 41. Re8 Rd7 42. Ra8 Kc6+ 43. Kc4 Rd4+ 44. Kc3 Kb6 45. Rb8+ Kc6 46.
Rb5 Rd1 47. Rxa5 Rc1+ 48. Kb2 Rf1 49. Ra7 Rf2+ 50. Kc3 Rxg2 51. Kc4 1/2-1/2

[Event "4NCL Division 4 South"]
[Site "Telford, ENG"]
[Date "2018.02.11"]
[Round "6.14"]
[White "Ruthen, Stephen W"]
[Black "Terry, Sean"]
[Result "1/2-1/2"]
[WhiteElo "1992"]
[BlackElo "1900"]
[PlyCount "92"]
[EventDate "2018.02.11"]

1. c4 e5 2. g3 Nc6 3. Nc3 d6 4. Nf3 g6 5. d4 Bg7 6. d5 Nce7 7. e4 Nf6 8. Bg2
O-O 9. O-O a6 10. Nd2 Nd7 11. Rb1 a5 12. a3 Nc5 13. Nb3 b6 14. Nxc5 bxc5 15. b4
axb4 16. axb4 cxb4 17. Rxb4 Ba6 18. Qb3 c5 19. Ra4 Qd7 20. Be3 Rfb8 21. Qa2 Bb7
22. Rb1 Rxa4 23. Qxa4 Qxa4 24. Nxa4 Kf8 25. Nxc5 dxc5 26. Bxc5 Ke8 27. Bd6 Rd8
28. Bxe7 Kxe7 29. Rxb7+ Ke8 30. Bh3 Bf8 31. Rc7 Bd6 32. Rc6 Bb4 33. c5 Ke7 34.
f4 exf4 35. gxf4 f5 36. d6+ Ke6 37. e5 Bd2 38. Bf1 Bxf4 39. Bc4+ Kxe5 40. Rc7
h5 41. Bf7 Kf6 42. Bb3 h4 43. Rf7+ Ke5 44. d7 Be3+ 45. Kg2 Bxc5 46. Ba4 Ke6
1/2-1/2

[Event "4NCL Division 4 South"]
[Site "Telford, ENG"]
[Date "2018.02.11"]
[Round "6.15"]
[White "Staples, Neil"]
[Black "Feavyour, John A"]
[Result "0-1"]
[WhiteElo "1875"]
[BlackElo "1981"]
[PlyCount "126"]
[EventDate "2018.02.11"]

1. Nf3 Nf6 2. g3 g6 3. Bg2 Bg7 4. O-O O-O 5. d3 d6 6. e4 e5 7. Nbd2 Nc6 8. Nc4
h6 9. Bd2 Be6 10. Na5 Nxa5 11. Bxa5 Qd7 12. Bc3 Bg4 13. Qe1 c5 14. Kh1 Rae8 15.
Ng1 Nh5 16. Bd2 Be6 17. Qc1 Kh7 18. Qd1 f5 19. f3 f4 20. g4 Nf6 21. Qe1 Qb5 22.
b3 Qc6 23. Nh3 g5 24. Nf2 Kg6 25. h4 Rh8 26. h5+ Kh7 27. c4 b5 28. Qc1 Rb8 29.
Qc2 Rb7 30. Rfc1 Rhb8 31. Nd1 b4 32. Nf2 Qe8 33. Kg1 Ra8 34. Rab1 Nd7 35. Nh3
Nb8 36. Be1 Nc6 37. Bf2 Qd7 38. Qe2 Rf8 39. Kh2 Qf7 40. Ng1 a5 41. Qc2 Ra7 42.
Bh3 Rfa8 43. Ne2 a4 44. Rd1 axb3 45. axb3 Ra2 46. Rb2 Qa7 47. Rd2 Rxb2 48. Qxb2
Qa1 49. Qc2 Ra3 50. Nc1 Na5 51. Bg2 Nc6 52. Bh3 Qc3 53. Qxc3 bxc3 54. Rc2 Nd4
55. Bxd4 exd4 56. Bf1 Ra1 57. Be2 Rb1 58. Kg2 Rb2 59. Bd1 Bf6 60. Kf1 Bd8 61.
Ke1 Ba5 62. Ke2 Bb4 63. Kf1 Rb1 0-1

[Event "4NCL Division 4 South"]
[Site "Telford, ENG"]
[Date "2018.02.11"]
[Round "6.16"]
[White "Botham, C Paul"]
[Black "Neatherway, A Philip"]
[Result "1/2-1/2"]
[WhiteElo "1961"]
[BlackElo "1804"]
[PlyCount "80"]
[EventDate "2018.02.11"]

1. c4 e5 2. Nc3 Nf6 3. Nf3 Nc6 4. d3 Bb4 5. Bd2 O-O 6. g3 Re8 7. e4 d6 8. Bg2
a5 9. O-O Bg4 10. h3 Bxf3 11. Bxf3 Nd4 12. Bg2 c6 13. Ne2 Nxe2+ 14. Qxe2 Bxd2
15. Qxd2 d5 16. Rfd1 d4 17. f4 Nd7 18. Rf1 c5 19. Rf2 Ra6 20. f5 Rh6 21. h4 b6
22. Bf3 Kf8 23. Raf1 Qe7 24. Bd1 Rb8 25. Rh2 Ke8 26. Ba4 Kd8 27. Bxd7 Kxd7 28.
a4 Rh8 29. Qf2 Rc6 30. g4 Ke8 31. Qg3 f6 32. g5 Rf8 33. Rg2 Kd7 34. Rf3 Rcc8
35. gxf6 gxf6 36. Qg7 Rf7 37. Qh6 Rcf8 38. Rfg3 Ke8 39. b3 Kd7 40. Kh2 Ke8
1/2-1/2

[Event "4NCL Division 4 South"]
[Site "Telford, ENG"]
[Date "2018.02.11"]
[Round "6.21"]
[White "Mitra, Roman C"]
[Black "Kalitsis, Nikolaos"]
[Result "0-1"]
[WhiteElo "2102"]
[BlackElo "2031"]
[PlyCount "68"]
[EventDate "2018.02.11"]

1. g3 f5 2. c4 e5 3. Bg2 Nf6 4. Nc3 c5 5. d3 Nc6 6. e3 d6 7. Nge2 Be6 8. Nd5
Qd7 9. a3 Be7 10. Rb1 O-O 11. b4 Bd8 12. O-O Rb8 13. d4 cxd4 14. exd4 Bxd5 15.
cxd5 Ne7 16. dxe5 dxe5 17. Qb3 Kh8 18. Bb2 Bc7 19. Rfd1 e4 20. d6 Bxd6 21. Nf4
Ng6 22. Nxg6+ hxg6 23. Be5 Ne8 24. Qd5 Rd8 25. Rd2 Qe7 26. Rbd1 Bc7 27. Qxb7
Rxd2 28. Rxd2 Qxe5 29. Qxa7 Nf6 30. Bf1 Rb8 31. Rc2 Bb6 32. Qf7 e3 33. fxe3
Qxe3+ 34. Kg2 Qe4+ 0-1

[Event "4NCL Division 4 South"]
[Site "Telford, ENG"]
[Date "2018.02.11"]
[Round "6.22"]
[White "Lawson, Maurice E"]
[Black "Wilks, Simon"]
[Result "1/2-1/2"]
[WhiteElo "1958"]
[BlackElo "1996"]
[PlyCount "106"]
[EventDate "2018.02.11"]

1. e4 e6 2. d4 d5 3. Nc3 Nf6 4. Bg5 dxe4 5. Nxe4 Be7 6. Bxf6 gxf6 7. Nf3 a6 8.
Bd3 b5 9. Qe2 Bb7 10. O-O-O Nd7 11. Kb1 Qc8 12. c4 bxc4 13. Bxc4 Nb6 14. Bb3
Bd5 15. Nc5 c6 16. Rc1 O-O 17. h4 Qb8 18. Bxd5 cxd5 19. Rh3 Qf4 20. Qd2 Bd6 21.
Rc3 Rfb8 22. Qxf4 Bxf4 23. Kc2 a5 24. Ne1 f5 25. Ned3 Bd6 26. Ne5 Bxe5 27. dxe5
Rc8 28. Nb7 Na4 29. Rxc8+ Rxc8+ 30. Kb3 Nc5+ 31. Nxc5 Rxc5 32. Rd3 Rc4 33. g3
f4 34. Rc3 Re4 35. gxf4 Rxf4 36. Rc5 a4+ 37. Ka3 Rxh4 38. b4 axb3 39. Kxb3 Rf4
40. a4 f6 41. Rc7 Rf3+ 42. Kb4 Rxf2 43. exf6 d4 44. Rg7+ Kf8 45. Rxh7 d3 46.
Rd7 d2 47. Kc3 Rf4 48. Kxd2 Rxa4 49. Ke3 Rh4 50. Re7 Rh6 51. Rxe6 Kf7 52. Ra6
Rxf6 53. Rxf6+ Kxf6 1/2-1/2

[Event "4NCL Division 4 South"]
[Site "Telford, ENG"]
[Date "2018.02.11"]
[Round "6.23"]
[White "Penna, Tommaso"]
[Black "Vachtfeidl, Petr"]
[Result "1-0"]
[WhiteElo "1978"]
[BlackElo "1910"]
[PlyCount "141"]
[EventDate "2018.02.11"]

1. e4 e5 2. Nf3 Nc6 3. Bb5 a6 4. Ba4 Nf6 5. O-O Be7 6. Re1 b5 7. Bb3 d6 8. c3
O-O 9. h3 Nb8 10. d4 Nbd7 11. Nbd2 Bb7 12. Bc2 Re8 13. Nf1 Bf8 14. Ng3 g6 15.
a4 c5 16. d5 c4 17. Bg5 h6 18. Be3 Qc7 19. Qd2 h5 20. Bg5 Be7 21. Ra3 Nc5 22.
Rea1 Nh7 23. Bh6 Bf6 24. Qe2 Bg7 25. Be3 Nf6 26. Nd2 Nfd7 27. Qd1 Kh7 28. R1a2
Bh6 29. Bxh6 Kxh6 30. Qa1 Nb6 31. axb5 axb5 32. Ra5 Rxa5 33. Rxa5 Ra8 34. Qa3
Rxa5 35. Qxa5 Nxd5 36. Qxb5 Ba6 37. Qe8 Nf6 38. Qh8+ Nh7 39. Nf3 Qc8 40. Qxc8
Bxc8 41. Nf1 Nd3 42. Bxd3 cxd3 43. Ne1 f5 44. Nxd3 fxe4 45. Nb4 Nf6 46. Ne3 Be6
47. c4 Kg7 48. Kf1 Kf7 49. Ke2 Ke7 50. Nbd5+ Nxd5 51. Nxd5+ Kd7 52. Ke3 Kc6 53.
Kxe4 Kc5 54. b3 Bf5+ 55. Ke3 Bc2 56. Ne7 g5 57. Ng8 Bxb3 58. Nf6 Bxc4 59. Ne4+
Kc6 60. Nxg5 Bf1 61. g3 Bg2 62. f3 Bf1 63. h4 Kd5 64. g4 hxg4 65. fxg4 e4 66.
Nxe4 Ke5 67. Nd2 Bh3 68. Kf3 Kd4 69. Kg3 Kd3 70. Kxh3 Kxd2 71. h5 1-0

[Event "4NCL Division 4 South"]
[Site "Telford, ENG"]
[Date "2018.02.11"]
[Round "6.24"]
[White "Fowler, David"]
[Black "Jones, Tibor"]
[Result "1-0"]
[WhiteElo "1927"]
[BlackElo "1871"]
[PlyCount "71"]
[EventDate "2018.02.11"]

1. e4 e5 2. Nf3 Nc6 3. Bb5 Nge7 4. d4 exd4 5. Nxd4 g6 6. Bxc6 Nxc6 7. Nxc6 dxc6
8. Qxd8+ Kxd8 9. Bg5+ Be7 10. Bxe7+ Kxe7 11. Nd2 c5 12. O-O-O b6 13. Rhe1 Bb7
14. Nc4 Rad8 15. Rxd8 Rxd8 16. c3 h5 17. h4 Kf6 18. f3 Ba6 19. Ne3 Ke5 20. Nd5
Bc4 21. f4+ Kd6 22. Rd1 Bxd5 23. Rxd5+ Ke7 24. Rxd8 Kxd8 25. Kd2 c4 26. Ke3 c5
27. f5 gxf5 28. exf5 Ke7 29. Kf4 f6 30. g4 hxg4 31. Kxg4 Kf7 32. Kf4 Kg7 33.
Ke4 Kf7 34. Kd5 Ke7 35. h5 Kf7 36. h6 1-0

[Event "4NCL Division 4 South"]
[Site "Telford, ENG"]
[Date "2018.02.11"]
[Round "6.25"]
[White "Stamatopoulos, Apostolos"]
[Black "Mashayekh, Majid"]
[Result "1/2-1/2"]
[WhiteElo "1797"]
[BlackElo "1896"]
[PlyCount "126"]
[EventDate "2018.02.11"]

1. d4 c5 2. e3 d5 3. Nf3 Nf6 4. b3 cxd4 5. exd4 Bg4 6. Bb2 e6 7. Nbd2 Nc6 8.
Be2 Be7 9. O-O O-O 10. h3 Bxf3 11. Nxf3 Rc8 12. a3 Ne4 13. Bd3 f5 14. Qe2 Qe8
15. c4 Qh5 16. b4 Rfe8 17. Rac1 Bf6 18. Rfd1 Ng5 19. Nxg5 Qxe2 20. Bxe2 Bxg5
21. Rc2 Ne7 22. c5 a6 23. g3 Nc6 24. Bc3 f4 25. h4 Bf6 26. Kg2 fxg3 27. fxg3
Rcd8 28. Bf3 Ne7 29. Re2 Nf5 30. a4 Kf7 31. Kf2 Ra8 32. Rb2 Re7 33. Be2 Rc7 34.
Rb3 e5 35. dxe5 d4 36. exf6 dxc3 37. fxg7 c2 38. Rc1 Kxg7 39. Rd3 Rf8 40. Kg1
a5 41. Rxc2 axb4 42. Bg4 42... b3 $11 43. Rb2 Rxc5 44. Rdxb3 Nd6 45. Rd2 Rf6
46. Rbd3 Rc4 47. Be2 Nf7 48. Rd7 Rxa4 49. Rxb7 Kg6 50. g4 Ne5 51. Rd5 Re6 52.
Rd8 h6 53. Rg8+ Kf6 54. Rf8+ Kg6 55. Rg8+ Kf6 56. Rh7 Nf7 57. Rgg7 Ne5 58. Rg8
Nf7 59. Rf8 Re7 60. g5+ hxg5 61. hxg5+ Kxg5 62. Rg8+ Kf6 63. Rg2 Rf4 1/2-1/2

[Event "4NCL Division 4 South"]
[Site "Telford, ENG"]
[Date "2018.02.11"]
[Round "6.26"]
[White "Towers, Nigel S"]
[Black "Perez Fadon, Andres"]
[Result "1-0"]
[WhiteElo "1819"]
[BlackElo "1532"]
[PlyCount "57"]
[EventDate "2018.02.11"]

1. e4 e6 2. d4 d5 3. Nd2 c5 4. exd5 Qxd5 5. Ngf3 cxd4 6. Bc4 Qd7 7. Nb3 Nc6 8.
O-O Nf6 9. Nbxd4 Nxd4 10. Nxd4 a6 11. Nf3 Qxd1 12. Rxd1 b5 13. Be2 Bb7 14. Ne5
Nd5 15. Bd2 Bd6 16. Nf3 Rc8 17. Nd4 O-O 18. c3 Rfd8 19. a4 b4 20. c4 Nb6 21. b3
Be5 22. Be3 Nd7 23. Rab1 Be4 24. Bd3 Bxd3 25. Rxd3 Nc5 26. Rdd1 Ne4 27. Nc6
Rxd1+ 28. Rxd1 Bc3 29. Ne7+ 1-0

[Event "4NCL Division 4 South"]
[Site "Telford, ENG"]
[Date "2018.02.11"]
[Round "6.31"]
[White "Briscoe, Chris"]
[Black "Webb, Richard M"]
[Result "0-1"]
[WhiteElo "2210"]
[BlackElo "2226"]
[PlyCount "68"]
[EventDate "2018.02.11"]

1. e4 c5 2. Nf3 d6 3. d4 cxd4 4. Nxd4 Nf6 5. Nc3 e6 6. g4 h6 7. Bg2 a6 8. g5
hxg5 9. Bxg5 Qb6 10. O-O Nc6 11. Nxc6 bxc6 12. Bxf6 gxf6 13. Qf3 Bd7 14. Rad1
Be7 15. e5 d5 16. Rfe1 fxe5 17. Rxe5 Qc7 18. Rh5 Rxh5 19. Qxh5 O-O-O 20. Qxf7
Bc5 21. Rd2 Qe5 22. Re2 Qg5 23. h4 Qc1+ 24. Bf1 Rf8 25. Qg7 Qf4 26. Qg5 Bxf2+
27. Kh1 Qf7 28. Bg2 Rh8 29. Re4 dxe4 30. Nxe4 Qf8 31. h5 Bb6 32. c4 Qh6 33.
Nd6+ Kc7 34. Nf7 Qxh5+ 0-1

[Event "4NCL Division 4 South"]
[Site "Telford, ENG"]
[Date "2018.02.11"]
[Round "6.32"]
[White "Coates, Kenneth G"]
[Black "Scott, David A"]
[Result "1/2-1/2"]
[WhiteElo "2097"]
[BlackElo "2107"]
[PlyCount "74"]
[EventDate "2018.02.11"]

1. d4 Nf6 2. Nf3 d5 3. Bf4 c5 4. c3 e6 5. e3 Qb6 6. Qb3 Nc6 7. Be2 c4 8. Qc2 h6
9. h3 Qd8 10. Nbd2 b5 11. O-O Bb7 12. b3 Bd6 13. Bxd6 Qxd6 14. a4 a6 15. Rfb1
Rb8 16. axb5 axb5 17. bxc4 bxc4 18. e4 Nxe4 19. Nxe4 dxe4 20. Nd2 f5 21. Nxc4
Qc7 22. Bh5+ Ke7 23. Be2 Rhc8 24. Qd2 Rd8 25. Qe3 f4 26. Rxb7 Rxb7 27. Qxe4 Rd5
28. Qh7 Kf6 29. Bd3 Ne7 30. Ne5 Rxe5 31. dxe5+ Qxe5 32. Qe4 Qxe4 33. Bxe4 Rc7
34. Ra3 Nd5 35. Bxd5 exd5 36. Kf1 Ke5 37. Ke2 Rc6 1/2-1/2

[Event "4NCL Division 4 South"]
[Site "Telford, ENG"]
[Date "2018.02.11"]
[Round "6.33"]
[White "Seymour, Timothy P"]
[Black "Johnson, Derek R"]
[Result "1/2-1/2"]
[WhiteElo "2060"]
[BlackElo "2050"]
[PlyCount "42"]
[EventDate "2018.02.11"]

1. d4 Nf6 2. Nf3 e6 3. e3 c5 4. c4 cxd4 5. exd4 Bb4+ 6. Nc3 d5 7. Bg5 Bxc3+ 8.
bxc3 Qa5 9. Bd2 O-O 10. cxd5 exd5 11. c4 Qc7 12. cxd5 Nxd5 13. Rc1 Qd6 14. Be2
Nc6 15. O-O Bg4 16. Qb3 Rab8 17. Rfd1 Nb6 18. Rxc6 bxc6 19. Bb4 Qd5 20. Bxf8
Qxb3 21. axb3 Kxf8 1/2-1/2

[Event "4NCL Division 4 South"]
[Site "Telford, ENG"]
[Date "2018.02.11"]
[Round "6.34"]
[White "Purdon, Colin"]
[Black "Singleton, Michael P F"]
[Result "1/2-1/2"]
[WhiteElo "2060"]
[BlackElo "2061"]
[PlyCount "131"]
[EventDate "2018.02.11"]

1. d4 Nf6 2. c4 g6 3. Nc3 Bg7 4. e4 d6 5. Nf3 O-O 6. h3 e5 7. d5 a5 8. Bg5 h6
9. Be3 Na6 10. Nd2 Nc5 11. g4 Nh7 12. Qc2 f5 13. gxf5 gxf5 14. Rg1 f4 15. Bxc5
dxc5 16. O-O-O Ng5 17. h4 Nf7 18. Nf3 Kh8 19. Be2 Rg8 20. Nb5 Bd7 21. Rg6 Ra6
22. h5 Bxb5 23. cxb5 Rxg6 24. hxg6 Nd6 25. Rg1 Qf6 26. Nd2 b6 27. Qc3 Bf8 28.
a4 Bg7 29. Qh3 Bf8 30. Qh5 Nc8 31. Nf3 Bg7 32. Ng5 Nd6 33. Bd3 c4 34. Bxc4 Bf8
35. Nh7 Qg7 36. Nxf8 Rxf8 37. Bd3 Rg8 38. Rh1 Qxg6 39. Qxe5+ Rg7 40. Qxf4 Qg5
41. Rxh6+ Kg8 42. Qxg5 Rxg5 43. Kd2 Rg7 44. Rh2 Nb7 45. e5 Nc5 46. f4 Rg3 47.
Bc4 Kf8 48. Ke2 Ke7 49. f5 Rg4 50. f6+ Kf7 51. Rh7+ Kg8 52. Rg7+ Rxg7 53. fxg7
Kxg7 54. b3 Nd7 55. e6 Nf6 56. Kd3 Kf8 57. Kd4 Ke7 58. Be2 Kd6 59. Bf3 Ng8 60.
b4 axb4 61. Kc4 b3 62. Kxb3 Kc5 63. a5 bxa5 64. Ka4 Kb6 65. Be2 Ne7 66. Bf3
1/2-1/2

[Event "4NCL Division 4 South"]
[Site "Telford, ENG"]
[Date "2018.02.11"]
[Round "6.35"]
[White "Faulks, Nick"]
[Black "Tart, Peter K"]
[Result "0-1"]
[WhiteElo "1917"]
[BlackElo "1935"]
[PlyCount "50"]
[EventDate "2018.02.11"]

1. e4 e5 2. Bc4 Nf6 3. Nc3 Bb4 4. a3 Bxc3 5. dxc3 O-O 6. Bg5 d6 7. Qd3 Nbd7 8.
O-O-O Nc5 9. Qe2 Ncxe4 10. Bh4 Nc5 11. Nf3 Qe7 12. Rhe1 Be6 13. Bxe6 Qxe6 14.
Kb1 a5 15. g4 Ra6 16. Ng5 Qxg4 17. Qxg4 Nxg4 18. Rg1 Nh6 19. b4 axb4 20. cxb4
Nd7 21. Rd3 Nf5 22. Bg3 Nf6 23. f4 e4 24. Rc3 Nd5 25. Rc4 b5 0-1

[Event "4NCL Division 4 South"]
[Site "Telford, ENG"]
[Date "2018.02.11"]
[Round "6.36"]
[White "Kirby, Andrew"]
[Black "Alcock, Graham P"]
[Result "0-1"]
[WhiteElo "1435"]
[BlackElo "1765"]
[PlyCount "54"]
[EventDate "2018.02.11"]

1. c4 Nf6 2. Nc3 g6 3. g3 Bg7 4. Bg2 O-O 5. e4 d6 6. Nge2 e5 7. O-O Be6 8. d3
Qd7 9. f4 Bh3 10. a4 Bxg2 11. Kxg2 exf4 12. Nxf4 Nc6 13. Ncd5 Nxd5 14. exd5 Nd4
15. Ne2 Nf5 16. Qb3 b6 17. Bf4 Rae8 18. Rf2 Nd4 19. Nxd4 Bxd4 20. Rc2 Qg4 21.
h3 Re2+ 22. Rxe2 Qxe2+ 23. Kh1 Qf3+ 24. Kh2 Re8 25. Qc2 Re2+ 26. Qxe2 Qxe2+ 27.
Kh1 g5 0-1

[Event "4NCL Division 4 South"]
[Site "Telford, ENG"]
[Date "2018.02.11"]
[Round "6.41"]
[White "Ortiz Sanchez, Luis"]
[Black "Krawczuk, Michael J"]
[Result "1/2-1/2"]
[WhiteElo "1921"]
[BlackElo "2020"]
[PlyCount "48"]
[EventDate "2018.02.11"]

1. e4 c5 2. Nc3 d6 3. Nge2 Nf6 4. d4 cxd4 5. Nxd4 a6 6. Qf3 Nbd7 7. Bg5 g6 8.
h3 Bg7 9. O-O-O h6 10. Be3 O-O 11. Qg3 Nh7 12. f4 e5 13. fxe5 Nxe5 14. Nf3 Be6
15. Nxe5 Bxe5 16. Bf4 Qa5 17. Bxe5 Qxe5 18. Qxe5 dxe5 19. Nd5 Rad8 20. Bc4 Kg7
21. Ne3 Bxc4 22. Nxc4 Ng5 23. Rd5 Nxe4 24. Rxe5 Rfe8 1/2-1/2

[Event "4NCL Division 4 South"]
[Site "Telford, ENG"]
[Date "2018.02.11"]
[Round "6.42"]
[White "De Coverly, Roger D"]
[Black "Sagues, Vincent"]
[Result "0-1"]
[WhiteElo "1974"]
[BlackElo "1898"]
[PlyCount "80"]
[EventDate "2018.02.11"]

1. e4 e6 2. d4 d5 3. Nd2 Nf6 4. e5 Nfd7 5. Ngf3 c5 6. c3 Nc6 7. Bd3 Be7 8. O-O
a5 9. a4 b6 10. Re1 cxd4 11. cxd4 Nb4 12. Bb1 O-O 13. Nf1 Ba6 14. Be3 Rc8 15.
Ng3 Qc7 16. Bg5 Bxg5 17. Nxg5 h6 18. Bh7+ Kh8 19. Qh5 Nb8 20. h4 Bd3 21. Bxd3
Nxd3 22. Re3 Nf4 23. Qg4 hxg5 24. hxg5 Ng6 25. Qh5+ Kg8 26. Ne2 Rfe8 27. Raa3
Nc6 28. Rh3 Kf8 29. Raf3 Ke7 30. Qh7 Rg8 31. Nf4 Nxf4 32. Rxf4 Nxe5 33. Rc3 Nc4
34. Rcf3 Nd6 35. Rc3 Qd7 36. Rcf3 Rh8 37. Qb1 Qc7 38. Rc3 Qd7 39. Rcf3 Qxa4 40.
g3 Qc2 0-1

[Event "4NCL Division 4 South"]
[Site "Telford, ENG"]
[Date "2018.02.11"]
[Round "6.43"]
[White "Lightfoot, Malcolm J"]
[Black "Clark, Ian C"]
[Result "1/2-1/2"]
[WhiteElo "1869"]
[BlackElo "2000"]
[PlyCount "68"]
[EventDate "2018.02.11"]

1. e4 c5 2. Nf3 d6 3. d4 cxd4 4. Nxd4 Nf6 5. Nc3 a6 6. Be2 e5 7. Nb3 Be6 8. f4
Nbd7 9. f5 Bxb3 10. axb3 Rc8 11. O-O Qc7 12. Kh1 Be7 13. Be3 Qc6 14. Bc4 Nxe4
15. Qh5 Nxc3 16. Qxf7+ Kd8 17. bxc3 Rf8 18. Qe6 Rf6 19. Qg8+ Kc7 20. Qd5 Qxd5
21. Bxd5 h6 22. b4 Rff8 23. Be6 Ra8 24. c4 Nf6 25. h3 Rfd8 26. Rfd1 Ne4 27. Kg1
Bg5 28. Rd3 Bxe3+ 29. Rxe3 Nf6 30. c3 Re8 31. c5 dxc5 32. Rxe5 cxb4 33. Rc5+
Kb6 34. cxb4 Rad8 1/2-1/2

[Event "4NCL Division 4 South"]
[Site "Telford, ENG"]
[Date "2018.02.11"]
[Round "6.44"]
[White "Bellers, Chris J"]
[Black "Gibbs, Dominic V"]
[Result "1/2-1/2"]
[WhiteElo "1993"]
[BlackElo "1848"]
[PlyCount "48"]
[EventDate "2018.02.11"]

1. b3 e5 2. Bb2 d6 3. g3 c5 4. Bg2 Nc6 5. e3 g6 6. Ne2 Bg7 7. d3 Nf6 8. Nd2 O-O
9. h3 Be6 10. a3 Qd7 11. Nf3 h6 12. g4 Qe7 13. Ng3 Nh7 14. e4 Nd4 15. Bc1 f6
16. Rb1 Rf7 17. O-O Nxf3+ 18. Qxf3 Ng5 19. Qe2 Bd7 20. f4 exf4 21. Bxf4 Ne6 22.
Be3 Raf8 23. Qd2 Kh7 24. Rf2 Nd8 1/2-1/2

[Event "4NCL Division 4 South"]
[Site "Telford, ENG"]
[Date "2018.02.11"]
[Round "6.45"]
[White "Kapoor, Gurveen"]
[Black "Lovell, William Pm"]
[Result "1-0"]
[WhiteElo "1732"]
[BlackElo "1844"]
[PlyCount "47"]
[EventDate "2018.02.11"]

1. d4 d5 2. Nc3 Nf6 3. Bf4 c5 4. e3 Bf5 5. Bd3 Bxd3 6. Qxd3 c4 7. Qd2 e6 8. f3
Bb4 9. Nge2 a6 10. a3 Ba5 11. b4 Bc7 12. e4 O-O 13. Bg5 dxe4 14. fxe4 e5 15. d5
Qd6 16. Ng3 g6 17. Rf1 Nbd7 18. Bh6 Rfe8 19. Nf5 Qb6 20. Be3 Nxe4 21. Nh6+ Kh8
22. Nxe4 Nc5 23. Bxc5 Qb5 24. Nxf7+ 1-0

[Event "4NCL Division 4 South"]
[Site "Telford, ENG"]
[Date "2018.02.11"]
[Round "6.46"]
[White "Smith, Steven J"]
[Black "Jermy, Jaden"]
[Result "1-0"]
[WhiteElo "1757"]
[BlackElo "1639"]
[PlyCount "83"]
[EventDate "2018.02.11"]

1. d4 Nf6 2. Bg5 d5 3. Nf3 g6 4. e3 Ne4 5. Bh4 Bg7 6. Bd3 c5 7. c3 cxd4 8. exd4
Nf6 9. Nbd2 O-O 10. O-O Nc6 11. Qc2 h6 12. Rae1 Be6 13. Bxg6 Rc8 14. a3 b5 15.
Bf5 Bxf5 16. Qxf5 e6 17. Qd3 Qb6 18. Ne5 Nxe5 19. dxe5 Nd7 20. Qg3 Kh8 21. Nf3
Rc4 22. Qh3 Kg8 23. Bg5 hxg5 24. Nxg5 Re8 25. Qh7+ Kf8 26. Qh5 Re7 27. Re3 Ke8
28. Qh7 Bf8 29. Qg8 Rg4 30. h3 Rf4 31. Nh7 d4 32. cxd4 Rxd4 33. Rc1 Rc4 34. Rd1
Rd4 35. Red3 Rxd3 36. Rxd3 Qb8 37. Rc3 a5 38. Rc5 Qb7 39. Rc2 39... b4 $11 40.
axb4 axb4 41. Rd2 Qc8 42. Qxf8+ 1-0

[Event "4NCL Division 4 South"]
[Site "Telford, ENG"]
[Date "2018.02.11"]
[Round "6.51"]
[White "Smith, Olivia"]
[Black "Farr, Peter G"]
[Result "1-0"]
[WhiteElo "2080"]
[BlackElo "2192"]
[PlyCount "123"]
[EventDate "2018.02.11"]

1. Nf3 Nf6 2. g3 c5 3. Bg2 Nc6 4. d3 d5 5. Nbd2 e6 6. O-O Be7 7. e4 O-O 8. Re1
Qc7 9. Nf1 dxe4 10. dxe4 b6 11. e5 Nd7 12. Bf4 Bb7 13. h4 Rad8 14. Qe2 Ndb8 15.
N1h2 Nd4 16. Nxd4 Rxd4 17. c3 Rd7 18. Qg4 Rfd8 19. Bh6 Bf8 20. Bg5 Re8 21. h5
Bxg2 22. Kxg2 Nc6 23. Nf3 Ne7 24. Bf4 Qb7 25. Kg1 Rd3 26. Ng5 Nf5 27. Ne4 Red8
28. Bg5 Be7 29. Bf4 Kh8 30. Qe2 c4 31. a4 Ne3 32. Bxe3 Qxe4 33. Bd4 Qf5 34. Kg2
Bc5 35. Bxc5 bxc5 36. Qe4 Rd2 37. Qxf5 exf5 38. e6 fxe6 39. Rxe6 Kg8 40. Re5
R8d5 41. Rae1 Rxe5 42. Rxe5 Rxb2 43. Rxc5 Rb7 44. Rxc4 Kf7 45. Rc6 Ke7 46. Kf3
Kd7 47. Rc5 g6 48. hxg6 hxg6 49. Kf4 Kd6 50. Ra5 Rc7 51. Kg5 Rxc3 52. Kxg6 f4
53. gxf4 Rf3 54. f5 Rxf2 55. Rxa7 Rg2+ 56. Kf6 Kc6 57. Kf7 Rh2 58. Ra6+ Kb7 59.
Rg6 Rh4 60. a5 Rc4 61. a6+ Ka7 62. Re6 1-0

[Event "4NCL Division 4 South"]
[Site "Telford, ENG"]
[Date "2018.02.11"]
[Round "6.53"]
[White "Sivarajasingam, Venetia"]
[Black "Watson, Mikey J"]
[Result "0-1"]
[WhiteElo "1764"]
[BlackElo "1997"]
[PlyCount "70"]
[EventDate "2018.02.11"]

1. e4 c6 2. d4 d5 3. Nc3 dxe4 4. Nxe4 Nf6 5. Nxf6+ exf6 6. Nf3 Bd6 7. Bd3 Be6
8. c3 Nd7 9. O-O Qc7 10. Re1 O-O-O 11. b4 g5 12. g3 h5 13. Qa4 h4 14. Qa5 b6
15. Qa6+ Kb8 16. Bf1 hxg3 17. fxg3 Bxg3 18. hxg3 Qxg3+ 19. Bg2 Bd5 20. Re3 b5
21. Qa3 Rde8 22. c4 bxc4 23. Qc3 Bxf3 24. Rxf3 Re1+ 25. Qxe1 Qxe1+ 26. Rf1 Qc3
27. Rb1 Qxd4+ 28. Rf2 Ne5 29. Bb2 c3 30. Ba3 Ng4 31. Rbf1 Nxf2 32. Rxf2 c2 33.
Bc1 Re8 34. Bf1 Re1 35. Ba3 Qc3 0-1